Docetaxel v skorom štádiu karcinómu prsníka

Bibliographic Details
Format: Article
Language:Slovak
PhysicalDescription:Fotogr.
ISSN:1335-4477
Subjects:

MARC

LEADER 00000nab a2200000 a 4500
001 vtls008409605
003 SK-MaSNL
005 20260303070132.0
008 140303c2005 xo wrzp 0 0slo
015 |a SNBRB2005/11  |2 snkbucl 
040 |a SNKBUCL  |b slo  |c SNKBUCL  |e AACR2 
041 0 |a slo 
044 |a xo  |c SK 
080 |a 618.19-006.6-085  |2 1997 
080 |a 615.277  |2 1997 
245 0 0 |a Docetaxel v skorom štádiu karcinómu prsníka 
300 |b Fotogr. 
650 0 7 |a karcinóm prsníka  |x liečba  |2 snkbucl  |9 1048582 
650 0 7 |a docetaxel  |x chemoterapia  |2 snkbucl  |9 872558 
773 0 |t Zdravotnícke noviny  |g Roč. X, č. 27 (2005)  |x 1335-4477 
773 0 8 |t Lekárske listy  |g Č. 27 (2005), s. 28-29 
852 |a SNK  |b KIS3GCP 
958 |a ME  |2 snkbucl 
999 |c 1754090  |d 1756020